000 00699nam a2200289Ia 4500
005 20260324130537.0
008 008 260324s9999 xx 000 0 eng d
020 _a9781351153522
037 _aEBOOK
040 _aCRL
040 _beng
040 _cCRL
041 _2eng
041 _aeng
084 _qCRL
100 _aCharles Smith
_91182180
245 0 _aMaking Sense of Project Realities
245 0 _bTheory, Practice and the Pursuit of Performance
260 _bTaylor and Francis
260 _c2007
365 _a
365 _b230
856 _uhttp://www.taylorfrancis.com/books/9781351153522
942 _cEBOOK
999 _c1778432
_d1778432